Aimless love : (Record no. 105151)
[ view plain ]
| 000 -LEADER | |
|---|---|
| fixed length control field | 01281pam a2200337 i 4500 |
| 001 - CONTROL NUMBER | |
| control field | BK0011564564 |
| 005 - DATE AND TIME OF LATEST TRANSACTION | |
| control field | 20241220135402.0 |
| 008 - FIXED-LENGTH DATA ELEMENTS--GENERAL INFORMATION | |
| fixed length control field | 130917s2013 nyu 000 0 eng d |
| 010 ## - LIBRARY OF CONGRESS CONTROL NUMBER | |
| LC control number | bl2013041058 |
| 020 ## - INTERNATIONAL STANDARD BOOK NUMBER | |
| International Standard Book Number | 9780679644057 : HRD |
| Terms of availability | $26.00 |
| 020 ## - INTERNATIONAL STANDARD BOOK NUMBER | |
| International Standard Book Number | 0679644059 : HRD |
| Terms of availability | $26.00 |
| 037 ## - SOURCE OF ACQUISITION | |
| Source of stock number/acquisition | Random House Inc, Attn Order Entry 400 Hahn rd, Westminster, MD, USA, 21157 |
| Note | SAN 201-3975 |
| 040 ## - CATALOGING SOURCE | |
| Original cataloging agency | NjBwBT |
| Language of cataloging | eng |
| Transcribing agency | NjBwBT |
| Description conventions | rda |
| Modifying agency | GCmBT |
| 050 14 - LIBRARY OF CONGRESS CALL NUMBER | |
| Classification number | PS3553.O47478 |
| Item number | A73 2013 |
| 082 04 - DEWEY DECIMAL CLASSIFICATION NUMBER | |
| Classification number | 811/.54 |
| Edition number | 23 |
| 092 ## - LOCALLY ASSIGNED DEWEY CALL NUMBER (OCLC) | |
| Classification number | 811.5400 |
| 092 ## - LOCALLY ASSIGNED DEWEY CALL NUMBER (OCLC) | |
| Classification number | 811.54 COLLINS |
| 100 1# - MAIN ENTRY--PERSONAL NAME | |
| Personal name | Collins, Billy, |
| Relator term | author. |
| 9 (RLIN) | 4355 |
| 240 10 - UNIFORM TITLE | |
| Uniform title | <a href="Poems.">Poems.</a> |
| Form subheading | Selections |
| 245 10 - TITLE STATEMENT | |
| Title | Aimless love : |
| Remainder of title | new and selected poems / |
| Statement of responsibility, etc | Billy Collins. |
| 250 ## - EDITION STATEMENT | |
| Edition statement | First edition. |
| 260 ## - PUBLICATION, DISTRIBUTION, ETC. (IMPRINT) | |
| Name of publisher, distributor, etc | Random House Inc |
| Date of publication, distribution, etc | 2013 |
| 264 #1 - Production, Publication, Distribution, Manufacture, and Copyright Notice. | |
| Place of production, publication, distribution, manufacture | New York : |
| Name of producer, publisher, distributor, manufacturer | Random House, |
| Date of production, publication, distribution, manufacture, or copyr | [2013] |
| 300 ## - PHYSICAL DESCRIPTION | |
| Extent | xix, 261 pages ; |
| Dimensions | 22 cm |
| 336 ## - Content Type | |
| Content type term | text |
| 337 ## - Media type | |
| Media type term | unmediated |
| 338 ## - Carrier type | |
| Carrier type term | volume |
| 520 ## - SUMMARY, ETC. | |
| Summary, etc | Presents a volume of more than fifty new poems accompanied by a generous gathering from the author's collections of the past decade, lending insight into his overall poetic achievements and his use of playful, ironic, and melodic language. |
| 942 ## - ADDED ENTRY ELEMENTS (KOHA) | |
| Koha item type | BOOK |
| 998 ## - LOCAL CONTROL INFORMATION (RLIN) | |
| -- | a180674 |
| Withdrawn status | Lost status | Source of classification or shelving scheme | Damaged status | Not for loan | Collection code | Home library | Current library | Shelving location | Date acquired | Source of acquisition | Cost, normal purchase price | Total Checkouts | Total Renewals | Full call number | Barcode | Date last seen | Date checked out | Cost, replacement price | Price effective from | Koha item type |
|---|---|---|---|---|---|---|---|---|---|---|---|---|---|---|---|---|---|---|---|---|
| Dewey Decimal Classification | General NonFiction | Wasatch County Library | Wasatch County Library | Second Floor | 11/08/2013 | Amazon | 26.00 | 13 | 2 | 811 Col | 34301001258302 | 04/17/2024 | 03/06/2023 | 26.00 | 03/20/2020 | BOOK |
